| 000 | 01186cam a2200313 i 4500 | ||
|---|---|---|---|
| 001 | 17674106 | ||
| 003 | Nust- CAS-E | ||
| 005 | 20180118181405.0 | ||
| 008 | 130326s2013 enka b 001 0 eng | ||
| 010 | _a 2012051616 | ||
| 020 | _a9780521764056 (hardback : alkaline paper) | ||
| 040 |
_aDLC _beng _cDLC _erda _dDLC |
||
| 042 | _apcc | ||
| 050 | 0 | 0 |
_aTJ778 _b.L524 2013 |
| 082 | 0 | 0 |
_a621.43/3 _223 _bGAS 2013 |
| 100 | 1 | _aLieuwen, Timothy C. | |
| 245 | 1 | 0 |
_aGas turbine emissions / _cedited by Tim C. Lieuwen, Georgia Institute of Technology, Vigor Yang, Georgia Institute of Technology. |
| 300 |
_axvi, 368 pages : _billustrations ; _c27 cm. |
||
| 490 | 0 |
_aCambridge aerospace series ; _v38 |
|
| 502 | 0 | _a0 | |
| 504 | _aIncludes bibliographical references and index. | ||
| 650 | 0 |
_aGas-turbines _xEnvironmental aspects. |
|
| 650 | 0 |
_aGas-turbines _xCombustion. |
|
| 650 | 0 |
_aCombustion gases _xEnvironmental aspects. |
|
| 700 | 1 | _aYang, Vigor. | |
| 906 |
_a7 _bcbc _corignew _d1 _eecip _f20 _gy-gencatlg |
||
| 942 |
_2ddc _cBK |
||
| 999 |
_c355534 _d355534 |
||